000 00674nam a2200229Ia 4500
003 IN-BaIIA
008 211028s9999 xx 000 0 eng d
040 _cIIA Library
080 _a551.51
_bHIN
245 0 _aPhysics of the Earth's Upper Atmosphere
_cedited by C. O. Hines… [et al.]
260 _aEnglewoodcliffs, N. J.
_bPrentice-Hall
_c1965
300 _a434p.
650 _aAstronomy and Astrophysics Thesaurus
650 _aEarth
650 _aMeteorology
650 _aUpper Atmosphere
_92186
700 _aFejer. J. A., ed.
_96948
700 _aHartz, T. R., ed.
_96949
700 _aHines, C O., ed.
_96950
700 _aPhagis, I., ed.
_96951
942 _cBK
999 _c3902
_d3902